Normal view
MARC view
- Tareen, Robina
Entry Personal Name
001 - CONTROL NUMBER
- control field: 14934
003 - CONTROL NUMBER IDENTIFIER
- control field: NUST
005 - DATE AND TIME OF LATEST TRANSACTION
- control field: 20190616111941.0
008 - FIXED-LENGTH DATA ELEMENTS
- fixed length control field: 190616|| aca||aabn | a|a d
040 ## - CATALOGING SOURCE
- Original cataloging agency: NUST
- Transcribing agency: NUST
100 ## - HEADING--PERSONAL NAME
- Personal name: Tareen, Robina
670 ## - SOURCE DATA FOUND
- Source citation: Work cat.: (NUST): Tareen, Robina, Multan mein lasani tashkeelat ka amal aor dosrai mazameen /, 2004.
